| Tag |
First Indicator |
Second Indicator |
Subfields |
| LEADER |
00000cam a2200000 4500 |
| 001 |
in00000068943 |
| 005 |
20151008050851.0 |
| 008 |
760107s1932 nyu 00010 eng |
| 010 |
|
|
|a 32031274
|
| 035 |
|
|
|a (OCoLC)01914473
|
| 035 |
|
|
|9 AAG3926AM
|
| 040 |
|
|
|a DLC
|c YAH
|d TXA
|d UtOrBLW
|
| 049 |
|
|
|a TXAM
|c [54367]
|
| 050 |
|
0 |
|a HG181
|b .B8 1932c
|
| 082 |
0 |
|
|a 322.0973
|
| 092 |
|
|
|a 332
|b B817o, New ed.
|
| 100 |
1 |
|
|a Brandeis, Louis Dembitz,
|d 1856-1941.
|
| 245 |
1 |
0 |
|a Other peoples money, and how the bankers use it /
|c by Louis D. Brandeis...
|
| 250 |
|
|
|a New ed.,
|b with foreword by Norman Hapgood.
|
| 264 |
|
1 |
|a New York :
|b Frederick A. Stokes company,
|c 1932.
|
| 300 |
|
|
|a lxii, 223 pages ;
|c 19 1/2 cm.
|
| 336 |
|
|
|a text
|b txt
|2 rdacontent
|
| 337 |
|
|
|a unmediated
|b n
|2 rdamedia
|
| 338 |
|
|
|a volume
|b nc
|2 rdacarrier
|
| 500 |
|
|
|a First published in Harpers weekly, 1913-1914. cf. Pref.
|
| 500 |
|
|
|a "Eighth printing."
|
| 650 |
|
0 |
|a Banks and banking
|z United States.
|
| 650 |
|
0 |
|a Finance
|z United States.
|
| 999 |
|
|
|a MARS
|
| 999 |
f |
f |
|s 9a563c79-fa41-3e61-bf82-058275adde32
|i 9faaf40a-3825-3909-af18-b5d0af79932e
|t 0
|
| 952 |
f |
f |
|p ric
|a Texas A&M University
|b Rellis Campus
|c Joint Library Facility
|d Remote Storage
|t 0
|e HG181 .B8 1932c
|h Library of Congress classification
|i unmediated -- volume
|m A14800726093
|
| 998 |
f |
f |
|a HG181 .B8 1932c
|t 0
|l Remote Storage
|